000 00542nam a2200193 a 4500
001 1767946523642
003 YourLibrary
005 20260110115632.0
008 260109s2005##################000#0#eng##
020 _a9780199266968
082 0 4 _a301.092
_bFRA
100 1 _aFrazer, James George,
_eauthor.
245 1 0 _aSelected Letters of Sir J. G. Frazer :
260 _bOxford University Press, USA,
_c2005.
300 _a437 pages
650 0 _aBiography & Autobiography.
942 _cENGLISH
040 _aYourLibrary
_beng
_cYourLibrary
999 _c608040
_d608040